Champions nationaux cyclisme sur route depuis 2010 - Statistiques

Statistiques générales
  • Ce quiz a été pris 170 fois
  • Le résultat moyen est 17 sur 55
Statistiques - réponses
Pays Épreuve Champion Équipe % Correct
Slovaquie En Ligne Peter Sagan TotalEnergies
64%
France En Ligne Florian Sénéchal Quick-Step Alpha Vinyl
62%
Balgique C. L. M. Remco Evenepoel Quick-Step Alpha Vinyl,
57%
Érythrée C. L. M. Biniam Girmay Intermarché-Wanty Gobert-Matériaux
55%
Équateur C. L. M. Richard Carapaz Ineos Grenadiers
52%
Hongrie En Ligne Attila Valter Groupama-FDJ
51%
Luxembourg C. L. M. Bob Jungels AG2R Citroën Team
51%
France C. L. M. Bruno Armirail Groupama-FDJ
51%
Italie C. L. M. Filippo Ganna Ineos Grenadiers
51%
Belgique En Ligne Tim Merlier Alpecin-Deceuninck
49%
Colombie En Ligne Sergio Higuita Bora-Hansgrohe
48%
Australie C. L. M. Rohan Dennis Jumbo-Visma
47%
Espagne En Ligne Carlos Rodriguez Ineos Grenadiers
45%
Allemagne En Ligne Nils Politt Bora-Hansgrohe
45%
Portugal En Ligne Joao Almeida UAE Team Emirates
44%
Australie En Ligne Luke Plapp Ineos Grenadiers
42%
Colombie C. L. M. Daniel Martinez Ineos Grenadiers
41%
Grande-Bretagne En Ligne Mark Cavendish Quick-Step Alpha Vinyl
40%
Japon En Ligne Yukiya Arashiro Bahrain Victorious
39%
Pologne C. L. M. Maciej Bodnar TotalEnergies
38%
Estonie C. L. M. Rein Taaramäe Intermarché-Wanty Gobert-Matériaux
37%
Norvège C. L. M. Tobias Foss Jumbo-Visma
37%
Lettonie C. L. M. Toms Skujins Trek-Segafredo
37%
Pays-Bas C. L. M. Bauke Mollema Trek Segafredo
35%
Autriche En Ligne Felix Grosschartner Bora-Hansgrohe
33%
Autriche C. L. M. Felix Grosschartner Bora-Hansgrohe
33%
Allemagne C. L. M. Lennard Kämna Bora-Hansgrohe
33%
Slovénie C. L. M. Jan Tratnik Bahrain Victorious
32%
Grande-Bretagne C. L. M. Ethan Hayter Ineos Grenadiers
30%
Afrique du Sud En Ligne Reinardt Janse van Rensburg Lotto-Soudal
26%
Italie En Ligne Filippo Zana Bardiani CSF Faizanè
23%
Érythrée En Ligne Merhawi Kudus EF Education EasyPost
23%
Danemark C. L. M. Mathias Norsgaard Movistar
22%
États-Unis C. L. M. Lawson Craddock BikeExchange Jayco
21%
Lettonie En Ligne Emils Liepins Trek-Segafredo
19%
Venezuela En Ligne Orluis Aular Caja Rural-Seguros RGA
19%
Venezuela C. L. M. Orluis Aular Caja Rural-Seguros RGA
19%
Danemark En Ligne Alexander Kamp Trek-Segafredo
18%
Pays-Bas En Ligne Pascal Eenkhoorn Jumbo-Visma
18%
Israël C. L. M. Omer Goldstein Israël-Premier Tech
17%
Brésil En Ligne Vinicius Rangel Movistar
17%
Émirats ArabesUnis En Ligne Yusif Mirza UAE Team Emirates
17%
Émirats Arabes Unis C. L. M. Yusif Mirza UAE Team Emirates
17%
Porto Rico En Ligne Abner Gonzalez Movistar
16%
Hongrie C. L. M. Erik Fetter Eolo-Kometa
16%
Suisse C. L. M. Joël Suter UAE Team Emirates
14%
Bahrein En Ligne Ahmed Madan Bahrain Victorious
13%
Estonie En Ligne Mihkel Räim Burgos-RH
11%
Canada En Ligne Pier-André Coté Human Powered Health
11%
Slovénie En Ligne Kristjan Koren Bahrain Victorious
6%
États-Unis En Ligne Kyle Murphy Human Powered Health
5%
Norvège En Ligne Rasmus Tillier Uno-X
5%
Espagne C. L. M. Raul Garcia Pierna Kern Pharma
5%
Kazakhstan C. L. M. Yuriy Natarov Astana Qazaqstan Team
5%
Irlande C. L. M. Ben Healey EF Education-EasyPost
4%
Aucun quiz correspondant
Distribution des résultats
% des personnes avec chaque résultat
Percentile par nombre de réponses
Votre historique - résultats
Vous n’avez pas pris ce quiz